| 000 | 00757nam a22002777a 4500 | ||
|---|---|---|---|
| 001 | 0000991 | ||
| 003 | KOHA_MİRAKIL | ||
| 005 | 20260207001226.0 | ||
| 008 | 081212b tu |||g|d|||#0|||0|tur | | ||
| 020 | _cYTL48,655 | ||
| 040 |
_aTR-BiSEU _btur _cTR-BiSEU _erda |
||
| 041 | 0 | _atur | |
| 044 | _ctu | ||
| 050 | 0 | 0 |
_aDVD _b991 |
| 245 | 0 |
_aİngilizce konuşan büyük sözlük : _bİngilizce-Türkçe Türkçe-İngilizce. |
|
| 264 | 1 |
_aİstanbul : _bFono Yayınları _c[t.y.] |
|
| 300 | _a1 CD | ||
| 336 |
_adokunsal metin _btct _2rdacontent |
||
| 337 |
_aaracısız _bm _2rdamedia |
||
| 338 |
_acilt _bnc _2rdacarrier |
||
| 650 | 0 |
_aDil. _91577 |
|
| 650 | 0 |
_aİngilizce. _91578 |
|
| 650 | 0 |
_aSözlükler. _91707 |
|
| 907 | _aSözlük | ||
| 942 |
_2lcc _cNP |
||
| 999 |
_c986 _d986 |
||